Elements of digital signal processing (Record no. 167829)

000 -LEADER
fixed length control field 00369nam a2200133Ia 4500
008 - FIXED-LENGTH DATA ELEMENTS--GENERAL INFORMATION
fixed length control field 220217s9999||||xx |||||||||||||| ||und||
020 ## - INTERNATIONAL STANDARD BOOK NUMBER
International Standard Book Number 81-7409-066-5
082 ## - DEWEY DECIMAL CLASSIFICATION NUMBER
Classification number 621.382 2 SAR
100 ## - MAIN ENTRY--PERSONAL NAME
Personal name Sarkar, N
9 (RLIN) 1936
245 #0 - TITLE STATEMENT
Title Elements of digital signal processing
260 ## - PUBLICATION, DISTRIBUTION, ETC.
Place of publication, distribution, etc. Khanna publishers
Name of publisher, distributor, etc. Delhi
Date of publication, distribution, etc. 2000
300 ## - PHYSICAL DESCRIPTION
Other physical details 180
650 ## - SUBJECT ADDED ENTRY--TOPICAL TERM
Topical term or geographic name entry element SIGNAL PROCESSING
9 (RLIN) 719
Holdings
Withdrawn status Lost status Damaged status Not for loan Collection code Home library Current library Shelving location Date acquired Full call number Barcode Date last seen Price effective from Koha item type
        Electronics and Communication Engineering Central Library Central Library Reference 02/18/2022 621.382 2 SAR 3018 02/18/2022 02/18/2022 Books

Powered by Koha